U.S States With The Most & Least Airports - Statistics

General Stats
  • This quiz has been taken 75 times
  • The average score is 17 of 20
Answer Stats
# State % Correct
1,536 Texas
98%
480 California
97%
590 Alaska
95%
483 Florida
95%
30 Hawaii
87%
398 Illinois
87%
9 Rhode Island
87%
27 Delaware
86%
389 Ohio
84%
62 Vermont
84%
52 New Hampshire
83%
67 Massachusetts
79%
72 West Virginia
79%
47 Connecticut
78%
368 Missouri
78%
104 Nevada
76%
102 Wyoming
76%
361 North Carolina
71%
374 Oklahoma
68%
403 Wisconsin
65%
No matching quizzes found
Score Distribution
Percent of People with Each Score
Percentile by Number Answered
Your Score History
You have not taken this quiz